| 000 | 00510nam a2200121Ia 4500 | ||
|---|---|---|---|
| 008 | 160712s9999 xx 000 0 und d | ||
| 100 | _adel Corro, Eiamin A. | ||
| 245 |
_cEiamin A. del Corro, Marie Therese A.P. Bustos _aProfessional Readiness, Teachers' Attitude and Collaborative Practices of General and Special Education Teachers |
||
| 260 |
_c2014 _bEducation Quarterly |
||
| 300 | _avol. 72 no. 2 | ||
| 650 | _xSPECIAL EDUCATION | ||
| 856 | _uhttp://journals.upd.edu.ph/index.php/edq/article/view/4471/4048 | ||
| 999 |
_c297238 _d297238 |
||